[Event "ISR-ch"]
[Site "Jerusalem"]
[Date "1996.??.??"]
[Round "1"]
[White "Oratovsky, Michael"]
[Black "Zalkind, Konstantin"]
[Result "1/2-1/2"]
[WhiteElo "2485"]
[BlackElo "2315"]
[Annotator "Hecht,H"]
[PlyCount "112"]
[EventDate "1996.10.26"]
[EventType "swiss"]
[EventRounds "9"]
[EventCountry "ISR"]
[SourceTitle "CBM 056"]
[Source "ChessBase"]
[SourceDate "1997.02.01"]
[SourceVersion "1"]
[SourceVersionDate "1997.02.01"]
[SourceQuality "1"]

1. Nf3 Nf6 2. c4 g6 3. g3 Bg7 4. Bg2 O-O 5. d4 d5 6. cxd5 Nxd5 7. O-O Nc6 8. e4
Nb6 9. d5 Na5 10. Nc3 c6 11. Bg5 h6 12. Bf4 cxd5 13. exd5 e6 14. dxe6 Bxe6 15.
Be5 Nc6 16. Bxg7 Kxg7 17. b3 Qxd1 18. Rfxd1 Rfd8 19. Ne4 Rxd1+ 20. Rxd1 Rd8 21.
Rxd8 Nxd8 22. Nd4 Bd5 23. f4 f5 24. Nc5 a6 25. Bxd5 Nxd5 26. Nde6+ Nxe6 27.
Nxe6+ Kf6 28. Nc5 b6 29. Nxa6 Ke6 30. Kf2 Kd6 31. a3 Kc6 32. Ke2 Kb7 33. Nb4
Nxb4 34. axb4 {[#]_|_ Opposition, (.), Tempospiel} Kc6 35. Kd3 Kb5 (35... Kd5
36. h3 b5 $1 37. Ke3 Ke6 38. Kd4 Kd6 39. g4 fxg4 40. hxg4 h5 41. f5 hxg4 (41...
h4 42. fxg6 Ke6 43. Ke4 Kf6 44. Kf3 Kxg6 45. Kg2 Kh6 46. Kh2 $11) 42. fxg6 Ke6
43. Ke4 Kf6 44. Kf4 Kg7 $1 (44... Kxg6 $2 45. Kxg4 $18 {[%csl Rb5] Opposition!}
) 45. Kg3 Kh6 46. Kh4 Kg7 47. Kg3 Kh6 48. g7 Kxg7 49. Kxg4 Kg6 $11) 36. Kc3 g5
(36... h5 37. h3 Kc6 38. Kc4 b5+ 39. Kd4 Kd6 40. h4 $18 {(.)}) 37. fxg5 hxg5
38. h3 (38. h4 $2 f4 $1) 38... Kc6 (38... g4 $2 39. h4 $1 f4 40. Kd3 fxg3 41.
Ke2 $18) 39. Kd4 Kd6 40. h4 (40. b5 Ke6 41. b4 Kd6 42. h4 f4 43. h5 fxg3 44.
Ke3 Ke5 45. Kf3 Kf6 (45... Kf5 46. Kxg3 g4 47. h6 Kg6 48. Kxg4 Kxh6 49. Kf5 $18
) 46. Kxg3 Kg7 47. Kh3 Kh7 $11) 40... f4 41. h5 (41. hxg5 fxg3 42. Ke3 Ke5 43.
Kf3 Kf5 44. Kxg3 Kxg5 $11) 41... fxg3 42. Ke3 Ke5 43. Kf3 Kf5 44. Kxg3 b5 45.
Kh3 g4+ 46. Kh4 (46. Kg3 Kg5 47. h6 Kxh6 48. Kh4 g3 $11) 46... Kf4 47. h6 g3
48. h7 g2 49. h8=Q g1=Q 50. Qf6+ Ke4 51. Qc6+ Kf4 52. Qc7+ Ke4 53. Qb7+ Kf4 54.
Qb8+ Ke4 55. Qe8+ (55. Qxb5 Qh2+ 56. Kg5 Qe5+ 57. Qxe5+ Kxe5 58. Kg4 Kd6 59.
Kf4 Kc6 60. Ke4 Kb5 61. Kd3 Kxb4 62. Kc2 Kb5 $11) 55... Kf4 56. Qf8+ Ke4
1/2-1/2

[Event "ESP-ch"]
[Site "Linares"]
[Date "1998.08.15"]
[Round "4"]
[White "Izeta Txabarri, Felix"]
[Black "Illescas Cordoba, Miguel"]
[Result "0-1"]
[WhiteElo "2445"]
[BlackElo "2605"]
[Annotator "Illescas Cordoba,M"]
[PlyCount "98"]
[EventDate "1998.08.??"]
[EventType "swiss"]
[EventRounds "9"]
[EventCountry "ESP"]
[SourceTitle "EXT 1999"]
[Source "ChessBase"]
[SourceDate "1998.11.16"]
[SourceVersion "1"]
[SourceVersionDate "1998.11.16"]
[SourceQuality "1"]

{[%mdl 64]} 1. d4 Nf6 2. Nf3 g6 3. c4 Bg7 4. g3 d5 5. cxd5 Nxd5 6. Bg2 Nb6 7.
Nc3 Nc6 8. e3 e5 9. d5 Na5 10. e4 c6 11. O-O cxd5 12. exd5 O-O 13. Bg5 f6 14.
Be3 Rf7 15. b3 {[%csl Ya5,Yb6,Rc4]} (15. Nd2 Nac4 16. Nxc4 Nxc4 17. Bc5 Nxb2
18. Qb3 Nd3 19. Ba3 f5 20. Rad1 e4 21. Rxd3 exd3 22. d6 Qb6 23. Nb5 Bd7 24. Bd5
Raf8 25. Nc7 Qxb3 26. Bxb3 f4 27. Rd1 {1/2-1/2 Hansen,C-Tisdall,J/Helsinki
1986/MCL 02 (27)}) 15... Bg4 16. Qd2 Rd7 {[%csl Yd5]} 17. Rad1 $146 {[%cal
Yg7a1]} (17. Rfd1 f5 18. Ng5 Nbc4 19. bxc4 Nxc4 20. Qc1 Nxe3 21. Ne6 Nxd1 22.
Nxd8 Nxc3 23. Qxc3 e4 24. Qb3 Bxa1 25. d6+ Kh8 26. Nf7+ Kg7 27. Ne5 Bxe5 28.
Qe6 Rad8 29. Qxe5+ Kh6 30. h3 Be2 31. Qf4+ Kg7 {Kurajica,M-Fernandez Garcia,J/
Santa Cruz 1995/EXT 95op/0-1 (60)}) 17... Rc8 $6 {[%cal Yg2a8,Gc8c3]} (17... f5
$13) 18. h3 $1 Bxf3 $2 (18... Be6 $142 $14) 19. Bxf3 f5 20. Nb5 {[%csl Ra5,Ra7,
Gd2,Ge3]} e4 21. Qxa5 (21. Nxa7 $6 Rc3 22. Be2 Nxd5 $132) 21... exf3 22. d6 $16
{[%csl Ga5,Ra7,Gb5,Rb6,Gd1,Gd6,Ge3,Rg8][%cal Ye3a7]} f4 $1 {[%csl Yh3][%cal
Ye3a7]} 23. Bxf4 (23. gxf4 $6 {[%csl Rg1]}) 23... Rf7 {[%cal Yd8d7,Yd7h3,Yh3g2]
/\Qd7} (23... Rc5 24. Qb4 $16) 24. Nxa7 $1 Ra8 (24... Qd7 $2 25. Kh2 (25. Rd3
$18) 25... Rf5 26. Qxb6 Rh5 27. h4 Qg4 28. Bg5 Rxg5 29. d7 $18) 25. d7 $1 (25.
Be3 Qd7 $44) 25... Rxd7 (25... Rf5 26. Qe1 $1 Nxd7 27. Qe6+ Rf7 28. Nb5 $18)
26. Rxd7 $2 (26. Bg5 $1 Qc7 27. Be3 $1 Nc8 28. Qxc7 Rxc7 29. Rd8+ Kf7 30. Nb5
$1 Rc6 31. a4 $18) 26... Qxd7 27. Kh2 Nc8 (27... Qd3 $5 28. Qb5 $8 (28. Re1 Nd5
$17 29. Qb5 Nxf4 30. Qxb7 Rf8 31. gxf4 Qd2 32. Rf1 Qxf4+ $19) (28. Kg1 Nd5 29.
Qc5 Nc3 $17) 28... Qxb5 (28... Qe2 $2 29. Be3 $1) 29. Nxb5 Rxa2 30. Nd6 $1 Nd5
31. Nxb7 Bd4 $36) 28. Qb5 Qxb5 29. Nxb5 Rxa2 $11 30. Be3 Ne7 31. Rd1 Nf5 32.
Bb6 (32. Rd8+ $6 Kf7 33. Nd6+ Ke7 $1 (33... Nxd6 34. Rxd6 $16 {[%csl Rb7,Ge3,
Rf3]}) 34. Nxf5+ (34. Bg5+ Ke6 {><f2}) 34... Kxd8 35. Nxg7 Ke7 $17) 32... Be5 {
[%csl Rg3]} 33. Kg1 Bxg3 (33... Rb2 34. Rd3 Rb1+ 35. Kh2 Rb2 36. Kg1 $11) (
33... h5 $142 34. Rd3 $1 Ra1+ 35. Kh2 h4 36. Rxf3 hxg3+ 37. fxg3 Nxg3 38. Kg2
Nf5 39. Bf2 $11) 34. Rd8+ Kf7 35. fxg3 Nxg3 (35... Rg2+ 36. Kf1 Nxg3+ 37. Ke1
Re2+ 38. Kd1 f2 39. Bxf2 Rxf2 40. Rd7+ Kf6 41. Rxh7 $11) 36. Bf2 Ne4 $4 {
[%mdl 8192]} (36... Ra1+ 37. Kh2 (37. Be1 $4 Ne4 $19) 37... Nf1+ 38. Kg1 $11)
37. Rd3 $4 $138 {[%mdl 8192]} (37. Nd6+ Ke7 38. Re8+ Kxd6 39. Rxe4 $18) 37...
Ra1+ $1 (37... Rxf2 38. Nd6+) (37... Nxf2 38. Rxf3+) 38. Kh2 Rh1+ $1 39. Kxh1
Nxf2+ 40. Kh2 Nxd3 $19 {[%csl Yb4,Gd3,Yf2]} 41. Nd6+ Ke6 42. Nxb7 Ke5 43. Na5
Kf4 44. Nc4 g5 45. Nd2 Ke3 46. Nf1+ Ke2 47. Ng3+ Ke1 48. h4 g4 49. h5 f2 0-1

[Event "EU-chT (Men) 15th"]
[Site "Gothenburg"]
[Date "2005.08.04"]
[Round "6.1"]
[White "Andersson, Ulf"]
[Black "Kempinski, Robert"]
[Result "0-1"]
[WhiteElo "2584"]
[BlackElo "2619"]
[Annotator "Konikowski,J"]
[PlyCount "68"]
[EventDate "2005.07.30"]
[EventType "team-swiss"]
[EventRounds "9"]
[EventCountry "SWE"]
[SourceTitle "CBM 109"]
[Source "ChessBase"]
[SourceDate "2005.11.14"]
[SourceVersion "1"]
[SourceVersionDate "2005.11.14"]
[SourceQuality "1"]
[WhiteTeam "Sweden II"]
[BlackTeam "Poland"]
[WhiteTeamCountry "SWE"]
[BlackTeamCountry "POL"]

1. Nf3 Nf6 2. c4 g6 3. g3 Bg7 4. Bg2 d5 5. cxd5 Nxd5 6. O-O O-O 7. Nc3 Nc6 8.
d4 Nb6 9. d5 (9. e3 $5) 9... Na5 10. Nd4 (10. e4 $5) 10... c6 11. Nb3 $6 (11.
e4 $142 $5) 11... Nxd5 12. Nxd5 cxd5 13. Bxd5 (13. Nxa5 Qxa5 14. Qxd5 Qxd5 15.
Bxd5 Rd8 16. Bg2 Bg4 17. f3 Be6 18. Be3 b6 19. a4 Bxb2 20. Rab1 Bd4 21. Kf2
Rac8 22. Rb4 Bxe3+ 23. Kxe3 Rc3+ 24. Kf2 Rd2 $19 {Vajdic,N (2228)-Stajic,P 
(2210)/Sombor 2004/}) (13. Qxd5 Qxd5 14. Bxd5 Rd8 15. Bg2 Nxb3 16. axb3 Bd4 $15
) 13... Bh3 14. Re1 Rc8 $1 $146 {[%mdl 520]} (14... Nc6 15. Nc5 Qb6 (15... Rc8
$5) 16. Be3 Qc7 $2 (16... Rad8 $142) 17. Rc1 Bxb2 18. Rb1 Bc3 19. Rxb7 Qc8 20.
Bd2 Bxd2 21. Qxd2 Rd8 22. Qg5 $16 {Gasparian,N-Andreeva,N (2170)/Zagan 1995/})
15. Bxf7+ Kxf7 16. Qxd8 Rfxd8 17. Nxa5 Rc2 18. Nxb7 Rd7 19. Na5 Rxe2 $1 20. Bf4
(20. Rxe2 Rd1+ 21. Re1 Rxe1#) 20... Rxb2 21. Nc4 Rc2 22. Ne5+ Bxe5 23. Rxe5
Rxa2 $1 24. Ree1 (24. Rxa2 Rd1+ 25. Re1 Rxe1#) 24... Rxa1 25. Rxa1 Rd3 26. Bc7
h5 27. Ba5 e5 28. Be1 Kf6 29. f4 e4 30. Kf2 (30. Bb4 Rf3 $19) 30... Rf3+ 31.
Ke2 Bf1+ 32. Kd1 a6 33. Ra4 Kf5 34. Rd4 Ra3 0-1

[Event "FIDE World Cup"]
[Site "Khanty-Mansiysk"]
[Date "2005.11.29"]
[Round "1.3"]
[White "Vaganian, Rafael A"]
[Black "Kempinski, Robert"]
[Result "0-1"]
[WhiteElo "2614"]
[BlackElo "2619"]
[Annotator "Konikowski,J"]
[PlyCount "54"]
[EventDate "2005.11.27"]
[EventType "k.o."]
[EventRounds "7"]
[EventCountry "RUS"]
[SourceTitle "CBM 111"]
[Source "ChessBase"]
[SourceDate "2006.04.04"]
[SourceVersion "1"]
[SourceVersionDate "2006.04.04"]
[SourceQuality "1"]

1. d4 Nf6 2. c4 g6 3. g3 Bg7 4. Bg2 d5 5. cxd5 Nxd5 6. Nf3 Nb6 7. Nc3 Nc6 {
[%cal Rc6d4,Rd8d4,Rg7d4,Gd1d4,Gf3d4]} 8. e3 O-O 9. O-O Re8 10. d5 Na5 11. Qc2 (
11. Nd4 $5) 11... c6 12. dxc6 Nxc6 13. Rd1 Bf5 $146 {[%mdl 8]} (13... Bd7 14.
e4 Qc8 15. Bf4 (15. Nd5 {1/2 Korpics,Z (2315)-Boros,D (2285)/Paks 1995/}) 15...
Bg4 16. Nb5 Rd8 17. Rxd8+ Qxd8 18. Rd1 Qc8 19. Rc1 h6 20. Nc7 Rb8 21. Nb5 e5
22. Be3 Qd7 23. Nxa7 Nd4 24. Bxd4 exd4 25. Qb3 Qd8 26. Nb5 $14 {Arduman,C 
(2358)-Van Wely,L (2645)/Panormo 2002/}) 14. e4 Bd7 15. a4 (15. Bf4 $5) 15...
Qc8 16. Qe2 $2 (16. Qb3 Na5 17. Qb4 Nc6 18. Qb3 Na5 $11) 16... Bg4 $1 17. a5
Nd7 18. Be3 Nde5 19. Rd5 Rd8 20. a6 bxa6 21. Rxd8+ Qxd8 22. Rxa6 Qc8 23. Ra4
Qb7 24. Nd1 Rd8 25. h3 (25. Nc3 Nxf3+ 26. Bxf3 Bxf3 27. Qxf3 Qxb2 28. Nd5 Qb5
$19) 25... Bxf3 26. Bxf3 Qb3 27. Ra1 Nd4 0-1

[Event "Corus"]
[Site "Wijk aan Zee"]
[Date "2004.01.24"]
[Round "12"]
[White "Bologan, Viktor"]
[Black "Svidler, Peter"]
[Result "1-0"]
[WhiteElo "2679"]
[BlackElo "2747"]
[Annotator "Kortschnoj,V"]
[PlyCount "77"]
[EventDate "2004.01.10"]
[EventType "tourn"]
[EventRounds "13"]
[EventCountry "NED"]
[EventCategory "19"]
[SourceTitle "CBM 099"]
[Source "ChessBase"]
[SourceDate "2004.03.30"]
[SourceVersion "1"]
[SourceVersionDate "2004.03.30"]
[SourceQuality "1"]

1. d4 {Ftacnik} Nf6 2. c4 g6 3. Nf3 Bg7 4. g3 d5 5. cxd5 Nxd5 6. Bg2 Nb6 7. Nc3
Nc6 8. e3 O-O 9. O-O Re8 10. d5 Na5 11. Nd4 Bd7 12. e4 c5 13. Nf3 {This is a
well-known theoretical line. 13.Nb3 yields some advantage to white; 13.Nf3,
introduced by Dautov in 1999, pretends to get more.} Nbc4 14. Qc2 b5 15. b3 b4
16. bxc4 Bxc3 17. Bd2 $5 {In the famous game Dautov-Sutovsky 17.Bb2 had been
played. The move Bd2 was suggested by Dautov in his annotation to the game.}
Bg7 $6 {After this move black finds himself in an inferior position, even
without any material compensation for it.} ({After} 17... Bxa1 18. Rxa1 Nb7 19.
Bc1 {followed by Bb2, eventually by e4-e5, or Qc1-h6 white certainly had good
compensation for an exchange. But alas! it is not possible to be always on the
offensive in chess...}) 18. Rac1 Qb6 {It is hard to suggest anything else. In
a similar position with the black knight somewhere on b8 black would play
e7-e5. Here however e7-e5 would be always met by the unpleasant a2-a3!} (18...
Nb7 {Ftacnik} 19. e5 (19. Bf4 a5 20. Be5 f6 21. Ba1 e5 22. dxe6) 19... Bf5 20.
Qb3 Qd7 21. Bf4 $14) 19. Rfe1 Rad8 20. h3 $1 {White is not in a hurry. In an
exemplary manner he gradually prepares a push e4-e5.} e6 21. g4 exd5 22. cxd5
c4 23. Be3 Qc7 {Black obviously has not foreseen the next move of the opponent.
More promising was} (23... Qb5 {In case of} 24. Bxa7 b3 25. axb3 Nxb3 26. Rb1
Qa6 27. Be3 Ba4 {black would acquire some counterplay - exactly what he was
looking for!}) 24. e5 $1 Bxe5 25. Nxe5 Qxe5 {Less committal was} (25... Rxe5 {
although after} 26. Qd2 (26. Qb2 {Ftacnik} Qd6 27. Rb1 Rb8 (27... f5 28. Qxb4
Qxb4 29. Rxb4 fxg4 30. hxg4 Bxg4 31. Rb5 Nc6 32. Rc1 $14) 28. Bd2 Rxe1+ 29.
Bxe1 $14) 26... c3 27. Qd4 {or 26...Qd6 27.Ba7 black position looked still
pretty dubious.}) 26. Bc5 $1 Qxe1+ {After 26...Qb8 27.Be7 or Qd2 are strong.} (
26... Qb8 {Ftacnik} 27. Rxe8+ Rxe8 28. Qd2 $16) 27. Rxe1 Rxe1+ 28. Kh2 Rde8 {
Black tries to achieve coordination of his pieces. It was a worth to consider
Ftacnik: 'Black is walking on a thin ice, since white can try to mate him on
the a1-h8 diagonal and his knight on a5 is beyond repair.'} (28... b3 {Then} {
White had an edge after} 29. axb3 (29. Qc3 {would turn to be a grave mistake:}
bxa2 30. Qxa5 (30. Qxe1 Nb3 31. Qe7 (31. Bd4 Re8) 31... Ra8) 30... a1=Q 31.
Qxd8+ Be8) 29... Nxb3 (29... cxb3 {Ftacnik} 30. Qc3 Rde8 31. Ba3 R1e2 32. Qxa5
Rxf2 33. Kg3 $18) 30. Be3 {or 30.Qc3!? After, say,} (30. Qxc4 {Ftacnik} Nxc5
31. Qxc5 $16) 30... Rxe3 31. fxe3 Rc8 32. Qc3 a5 {white had a problem to stop
black passed pawns. He would solve this minor problem the following way:} 33.
Bf1 a4 34. Bxc4 Bb5 35. d6 {winning.}) (28... Rb8 {Ftacnik} 29. Qd2 Rb1 30. Be4
Rf1 31. Kg2 c3 32. Qf4 $18) 29. Bxb4 R1e2 30. Qc3 Rxf2 31. Kg3 Rxa2 (31... Rxa2
{A nice trap: if} 32. Bxa5 {'!' Ftacnik.} {However, after} Rb8 {Bologan,
presumably after home analyses, pointed out a winning move -} (32... Rb8 33.
Qxc4 (33. Bb4 Ra4) (33. Qe5) 33... Rxa5 34. Qc7 Rb3+ 35. Kh4 $2 ({Stronger is} 
35. Kf4 Ra2 36. Be4 {, where white still has better chances.}) 35... Ra2 36.
Bf1 h6 $1 37. Qxd7 Rf2 {and white is in danger.}) (32... h5 {Ftacnik} 33. gxh5
gxh5 34. Bf3 $18) 33. Qe5 $1 Rb3+ 34. Bc3 $18) (31... Rfe2 {Ftacnik} 32. Bf3
R2e3 33. Qf6 Nb7 34. Bd2 $1 $18) 32. Qf6 Nb7 {According to Bologan} (32... Nb3
{was much stronger.} 33. Kh4 {Ftacnik} Re3 34. Qd6 $18) 33. Bf3 {Ftacnik:
'Bologan's only worry is the safety of his king, otherwise he roams on the
whole board.'} (33. Bc3 {Ftacnik} Re3+ 34. Bf3 Rxc3 35. Qxc3 Nd6 $11) 33... Rc2
({Or} 33... Re3 34. Kf4 {or 34.Bc3, in both cases with a won position.}) 34.
Qa6 Nd8 35. Qxa7 Bb5 36. Qd4 f5 37. gxf5 Nf7 (37... gxf5 38. Bh5) 38. fxg6 hxg6
39. Qb6 1-0

[Event "Moscow Aeroflot op-A"]
[Site "Moscow"]
[Date "2006.02.13"]
[Round "6"]
[White "Mamedyarov, Shakhriyar"]
[Black "Kempinski, Robert"]
[Result "1-0"]
[WhiteElo "2709"]
[BlackElo "2619"]
[Annotator "Krasenkow,M"]
[PlyCount "67"]
[EventDate "2006.02.08"]
[EventType "swiss"]
[EventRounds "9"]
[EventCountry "RUS"]
[SourceTitle "CBM 112"]
[Source "ChessBase"]
[SourceDate "2006.06.07"]
[SourceVersion "1"]
[SourceVersionDate "2006.06.07"]
[SourceQuality "1"]

1. c4 Nf6 2. Nc3 g6 3. g3 Bg7 4. Bg2 O-O 5. d4 Nc6 6. Nf3 d5 7. cxd5 Nxd5 8. e4
Nb6 9. d5 Na5 10. O-O c6 11. Bg5 h6 12. Bf4 cxd5 13. exd5 Nac4 14. b3 $6 {
A rare, risky move, instead of the main theoretical} (14. Qe2) 14... g5 $6 (
14... Nd6 {is too passive:} 15. Be5 Nd7 16. Bxg7 Kxg7 17. Re1 Nf6 18. Ne5 Bd7
19. Rc1 Re8 20. Qd2 Rc8 21. Qb2 Kg8 22. h4 Rc7 23. Ne2 h5 24. Rxc7 Qxc7 25.
Nxd7 Qxd7 26. Nf4 Qb5 27. Re5 $36 {1/2-1/2 Magerramov,E-Banas,J/Trnava 1981/
MCD (39)}) (14... Bxc3 $1 {is the right response:} 15. bxc4 (15. Rc1 Nxd5 $1 (
15... Nb2 $143 16. Qe2 Bg7 17. Be5 Bxe5 18. Nxe5 Nxd5 19. Qxb2 $44 {1-0 Ilic,
Z-Vareille,F/Dijon 1987/EXT 2004 (33)}) 16. Bxh6 Ncb6 17. Rxc3 Nxc3 18. Qa1 Qd3
19. Bxf8 Kxf8 $19 {0-1 Adrian,C-Luecke,N/Verdun 1993/EXT 2004 (25)}) 15... Bxa1
16. Qxa1 g5 17. Bc1 Nxc4 18. h4 f6 19. hxg5 hxg5 20. Re1 {1-0 Stean,
M-Blackstock,L/Hastings 1971/EXT 99 (33) Still, after, say,} Qxd5 {White's
compensation for the missing exchange is hardly sufficient.}) 15. bxc4 gxf4 {
The question is now whether Black will manage to complete his development and
establish a dark-square blockade. Well, it looks hardly probable...} 16. Qd3 (
16. Qb3 $5 Qc7 17. Nd2 fxg3 18. hxg3 Bf5 19. Rac1 Nd7 20. Nde4 Rfc8 (20... Nc5
21. Nxc5 Qxc5 22. Qxb7 Qxc4 23. Ne4 Qxa2 24. Qxe7 $1) 21. d6 $1 exd6 $2 22. Nb5
Nc5 23. Qa3 Qd7 24. Nexd6 Nd3 25. Rcd1 a6 26. Nxf5 axb5 27. Qxd3 Qxd3 28. Rxd3
bxc4 29. Rd7 {1-0 Pieniazek,A-Biro,S/Rostock 1989/EXT 2002/[Pieniazek,A]})
16... Qc7 17. Nd2 fxg3 (17... Qe5 18. Rac1 Bf5 19. Qf3 Rac8 20. Ne2 (20. Nce4
$5) 20... fxg3 (20... Qb2 $5) 21. Nxg3 Bg6 22. c5 $1 Qb2 23. Nb3 Nd7 24. Nf5
Qf6 25. Nxg7 Kxg7 26. Qg3 $16 {0-1 Velickovic,Z-Postl,A/Graz 1992/EXT 98 (64)})
18. hxg3 Qe5 19. Rac1 Bf5 20. Qf3 Rac8 {The insertion of ...fxg3 hxg3 even
worsens Black's situation.} 21. Rfe1 Qf6 22. Qe2 $6 (22. Nce4 $5 {was more
energetic:} Bxe4 (22... Qg6 23. Qa3) 23. Qxe4 $16 {[%cal Rc4c5,Re4e7]}) 22...
Qd4 $2 (22... Rfe8 23. c5 $1 $16 Rxc5 $2 24. Nce4) ({however,} 22... Qg5 $5 {
(a difficult "computer" move) enabled Black to hold on.}) 23. Nb5 Qb2 24. d6 $1
exd6 25. Nxd6 Rcd8 26. Nxf5 Rxd2 27. Qg4 {The weakness of Black's kingside now
decides the game.} Kh8 28. c5 Nd5 29. Rb1 Qf6 30. Rbd1 Rxd1 31. Rxd1 Nc3 32.
Rd6 Qe5 33. Qxg7+ Qxg7 34. Nxg7 {/\34...Kxg7 35.Bxb7 etc.} 1-0